| 000 | 00990cam a2200313 a 4500 | ||
|---|---|---|---|
| 001 | 13104507 | ||
| 005 | 20160302104307.0 | ||
| 008 | 131028b xxu||||| |||| 00| 0 eng d | ||
| 010 | _a 2003044560 | ||
| 020 | _a1259007928 | ||
| 020 | _a9781259007927 | ||
| 082 | 0 | 0 |
_a620.105 _222 _bVEC |
| 100 | 1 |
_aBeer, Ferdinand P. _q(Ferdinand Pierre), _d1915-2003. _912477 |
|
| 245 | 0 | 0 |
_aVector Mechanics for Engineers : _pStatics / _cFerdinand P. Beer |
| 250 | _a10th ed. | ||
| 260 |
_aSingapore ; _aBoston : _bMcGraw-Hill Higher Education, _c2013 |
||
| 300 |
_axxxi, 599 p. : _bill. (some col.) ; _c26 cm. |
||
| 500 | _aIncludes index. | ||
| 650 | 0 |
_aMechanics, Applied. _931068 _2BUEsh |
|
| 650 | 0 |
_aVector analysis. _931069 _2BUEsh |
|
| 650 | 0 |
_aStatics. _931070 _2BUEsh |
|
| 650 | 0 |
_aDynamics. _931071 _2BUEsh |
|
| 651 | _2BUEsh | ||
| 653 | _cOctober2013 | ||
| 653 | _cNovember2013 | ||
| 700 | 1 |
_aJohnston, E. Russell _934242 |
|
| 700 | 1 |
_aMazurek, David F. _934258 |
|
| 942 |
_2ddc _cBB |
||
| 999 |
_c17695 _d17667 |
||